„Star Wars: 200 Charaktere – Nur echte Fans schaffen alle!“ - Statistiken

Allgemein
  • Dieses Quiz wurde 261 mal gespielt
  • Das Durchschnittsergebnis liegt bei 72 aus 200
Antwortstatistiken
Bildquiz Antwort % Korrekt
Anakin Skywalker
98%
Obi Wan Kenobi
98%
Yoda
97%
Mace Windu
92%
C-3PO
85%
R2-D2
85%
Plo Koon
82%
Darth Maul
80%
Padmé Amidala
80%
Qui-Gon Jinn
80%
Jar Jar Binks
79%
Ahsoka Tano
78%
Boba Fett
78%
Jango Fett
77%
Jabba der Hutte
76%
Ki-Adi-Mundi
76%
Han Solo
75%
Kit Fisto
75%
Leia Organa
75%
Luke Skywalker
75%
Count Dooku
74%
General Grievous
74%
Imperator Palpatine
74%
Chewbacca
73%
Rex
72%
Cody
70%
Bail Organa
69%
Aayla Secura
67%
Grogu
67%
Shmi Skywalker
67%
Lando Calrissian
66%
Yaddle
65%
Asajj Ventress
63%
Cad Bane
63%
Savage Opress
61%
Großmoff Tarkin
60%
Greedo
59%
Watto
59%
Admiral Ackbar
58%
Luminara Unduli
57%
The Mandalorian
57%
99
56%
Bossk
56%
Shaak Ti
55%
Sebulba
54%
Fives
53%
Owen Lars
52%
Nute Gunray
51%
Barriss Offee
49%
Pong Krell
49%
Boss Nass
47%
Cassian Andor
46%
Beru Lars
44%
Ezra Bridger
44%
Großadmiral Thrawn
44%
Cantina Band
42%
Hunter
42%
Mon Mothma
42%
Chopper
41%
Echo
41%
Aurra Sing
40%
Darth Nihilus
40%
IG-88
40%
Starkiller
40%
Embo
39%
Vater
39%
Eeth Koth
38%
Fox
38%
Mutter Talzin
38%
Sohn
38%
Tochter
38%
Cal Kestis
37%
Cliegg Lars
37%
Crosshair
37%
Darth Plagueis
37%
Poggle der Geringere
37%
Wolffe
37%
Wrecker
37%
Sabine Wren
36%
Tech
36%
Großinquisitor
34%
Hera Syndulla
34%
Kanan Jarrus
34%
Darth Bane
33%
Gregor
33%
Wullf Yularen
33%
Jesse
32%
Quinlan Vos
32%
Wampa
32%
Wat Tambor
32%
Wicket
32%
Bly
31%
Fünfter Bruder
31%
Hevy
31%
Jyn Erso
31%
Revan
31%
Ziro
31%
Bib Fortuna
30%
Finis Valorum
30%
Saesee Tiin
30%
Adi Gallia
29%
Dexter Jettster
29%
Boil
28%
Even Piell
28%
Moff Gideon
28%
Siebte Schwester
28%
Coleman Trebor
27%
Darth Malgus
27%
Hondo Ohnaka
27%
Jocasta Nu
27%
Pre Vizsla
27%
Rush Clovis
27%
Saw Gerrera
27%
Waxer
27%
Zeb Orrelios
27%
Zweite Schwester
27%
Bo-Katan Kryze
26%
Dengar
26%
Orson Krennic
26%
Satine Kryze
26%
Sifo Dyas
26%
Captain Panaka
25%
Tup
25%
Dogma
24%
Galen Erso
24%
Lama Su
24%
Lobot
24%
Max Rebo
24%
Wedge Antilles
24%
Ima-Gun Di
23%
Kix
23%
Captain Typho
22%
Depa Billaba
22%
Fennec Shand
22%
Hardcase
22%
Lux Bonteri
22%
Rotta
22%
Trench
22%
Zam Wesell
22%
Cham Syndulla
21%
Darth Malak
21%
K-2SO
21%
Agent Kallus
20%
Appo
20%
Thorn
20%
Darth Talon
19%
Merrin
19%
Qi’ra
19%
Waffenschmiedin
19%
Admiral Piett
18%
Mina Bonteri
18%
Nala Se
18%
Yarael Poof
18%
Mas Amedda
17%
Nien Nunb
17%
Oppo Rancisis
17%
Rako Hardeen
17%
Steela Gerrera
17%
4-LOM
16%
Admiral Raddus
16%
Darth Sion
16%
Moralo Eval
16%
Paz Vizsla
16%
Sabé
16%
Tera Sinube
16%
Jacen Syndulla
15%
Mara Jade
15%
Marrok
15%
Morgan Elsbeth
15%
Baylan Skoll
14%
Chirrut Imwe
14%
Keeli
14%
Baze Malbus
13%
Ben Quadinaros
13%
Cara Dune
13%
Cere Junda
13%
Darth Traya
13%
Luthen Rael
13%
Orn Free Taa
13%
Riyo Chuchi
13%
Dedra Meero
12%
Huyang
12%
Shin Hati
12%
Biggs Darklighter
11%
Denal
11%
Dryden Vos
11%
Greef Karga
11%
Greez Dritus
11%
Papanoida
10%
Rahm Kota
10%
Bastila Shan
9%
Bix Caleen
9%
Bodhi Rook
9%
Darth Krayt
9%
HK-47
8%
Lott Dod
8%
Arihnda Pryce
6%
Coleman Kcaj
5%
Syril Karn
5%
Carson Teva
2%
Keine übereinstimmenden Quizze gefunden
Verteilung der Resultate
Anzahl Personen mit jedem Resultat
Perzentil nach korrekt beantworteten Fragen
Ihre Resultats-Entwicklung
Sie haben dieses Quiz noch nicht gespielt